000 00334nam a2200109Ia 4500
008 220204s9999 xx 000 0 und d
082 _a621.855
_bAME
245 0 _aChains for power transmission and material handling in design and applications handbook
260 _aNew York
_bMarcel
_c1982
650 _aPower transmission
942 _cBK
999 _c38464
_d38464